Skelton's engraved illustrations of the principal antiquities of Oxfordshire (Record no. 114079)

MARC details
000 -LEADER
fixed length control field 00617cam a22001935a 4500
001 - CONTROL NUMBER
control field L156176
008 - FIXED-LENGTH DATA ELEMENTS--GENERAL INFORMATION
fixed length control field 120502s1823 xxk f 000 0 eng d
035 ## - SYSTEM CONTROL NUMBER
System control number (Sirsi) u156176
041 0# - LANGUAGE CODE
Language code of text/sound track or separate title eng
100 1# - MAIN ENTRY--PERSONAL NAME
Personal name Skelton, Joseph
Dates associated with a name fl. 1820-1850
245 00 - TITLE STATEMENT
Title Skelton's engraved illustrations of the principal antiquities of Oxfordshire
260 ## - PUBLICATION, DISTRIBUTION, ETC.
Place of publication, distribution, etc. Oxford
Name of publisher, distributor, etc. J. Skelton
Date of publication, distribution, etc. 1823
300 ## - PHYSICAL DESCRIPTION
Extent 1 v., various pagings
Other physical details illus. plates
Dimensions 36 cm.
583 0# - ACTION NOTE
Action Condition reviewed
Time/date of action 20120620
Status condition level 2
651 #4 - SUBJECT ADDED ENTRY--GEOGRAPHIC NAME
Geographic name England
Chronological subdivision 886-
690 ## - LOCAL SUBJECT ADDED ENTRY--TOPICAL TERM (OCLC, RLIN)
Topical term or geographic name as entry element Rural
9 (RLIN) 6268
700 1# - ADDED ENTRY--PERSONAL NAME
Personal name Mackenzie, Frederick
Dates associated with a name 1787 or 8-1854
942 ## - ADDED ENTRY ELEMENTS (KOHA)
Suppress in OPAC 0
Holdings
Withdrawn status Lost status Source of classification or shelving scheme Damaged status Not for loan Home library Current library Shelving location Date acquired Total Checkouts Full call number Barcode Date last seen Copy number Price effective from Koha item type
    Dewey Decimal Classification     Historic collection Historic collection Historic collection 02/05/2012   FOLIO 1823 SKELTON 30075955 06/08/2019 1 06/08/2019 Book